Przystanki Linia 54 Szczecin - Statystyki

Ogólne statystyki
  • Ten quiz został rozwiązany 33 razy
  • Średni wynik to 8 z 10
Statystyki odpowiedzi
Numer Przystanek % Poprawnych
10 Turkusowa
95%
1 Kijewo
90%
7 Osiedle Słoneczne
90%
6 Rondo Reagana
85%
5 Dąbska
80%
9 Lniana
80%
2 Jelenia
75%
4 Olszynki Grochowskiej
75%
8 Przelotowa
65%
3 Kalenicka
60%
Nie znaleziono quizów pasujących do podanych kryteriów
Rozkład punktacji
Procent ludzi z każdym wynikiem
Percentyl według liczby udzielonych odpowiedzi
Twoja historia wyników
Nie rozwiązałeś tego quizu